[Event "Moscow Aeroflot op-A"]
[Site "Moscow"]
[Date "2024.03.04"]
[Round "4"]
[White "Gasparyan, Erik R"]
[Black "Lobanov, Sergei"]
[Result "0-1"]
[WhiteElo "2364"]
[BlackElo "2502"]
[PlyCount "150"]
[EventDate "2024.03.03"]
[EventType "swiss"]
[EventRounds "9"]
[EventCountry "RUS"]
[SourceTitle "CB11_2024"]
[SourceDate "2024.03.13"]
[SourceVersion "1"]
[SourceVersionDate "2024.03.13"]
[SourceQuality "1"]

1. e4 c5 2. Nf3 e6 3. Nc3 Nc6 4. d4 cxd4 5. Nxd4 Nf6 6. a3 Qc7 7. Be3 a6 8. f4 Nxd4 9. Qxd4 Ng4 10. Qb6 Bd6 11. Qxc7 Bxc7 12. Bd2 b5 13. Be2 Nh6 14. 0-0-0 Bb7 15. Bf3 f6 16. Be3 Nf7 17. Rd3 0-0-0 18. a4 b4 19. Ne2 g5 20. Bc5 gxf4 21. Bxb4 Ne5 22. Rc3 Nc6 23. Bc5 Kb8 24. Rd1 Rhg8 25. Bd6 Bxd6 26. Rxd6 Kc7 27. Rd2 e5 28. g3 fxg3 29. Nxg3 Kb8 30. Rd6 Nd4 31. Rxf6 Rdf8 32. Nh5 Bc6 33. b3 Rxf6 34. Nxf6 Rg1+ 35. Kd2 Rf1 36. Ng4 Rxf3 37. Nxe5 Rxc3 38. Kxc3 Ne6 39. Kd3 Kc7 40. Ke3 Bb7 41. Nf3 Kd6 42. b4 Bc6 43. a5 Bb5 44. Nd2 Ke5 45. c4 Bc6 46. Nf3+ Kf6 47. Ne1 Ng5 48. Nd3 Nxe4 49. b5 Ba8 50. Kd4 d6 51. Nb4 Nc5 52. bxa6 Ke6 53. a7 Kd7 54. Nd5 Ne6+ 55. Kc3 Kc6 56. Nb6 Nc7 57. Kd4 Bb7 58. Kc3 Na8 59. Nd5 Kc5 60. Nf6 h6 61. Nd7+ Kc6 62. Nb8+ Kc5 63. Nd7+ Kc6 64. Nb8+ Kc7 65. Kd4 Bf3 66. c5 dxc5+ 67. Kxc5 Bb7 68. h4 h5 69. Kb4 Kd6 70. Kb5 Bf3 71. a6 Bd5 72. Kb4 Nb6 73. Kc3 Nc8 74. a8Q Bxa8 75. Kd4 Na7 0-1

[Event "Titled Tuesday intern op 13th Feb Late"]
[Site "Chess.com INT"]
[Date "2024.02.13"]
[Round "6"]
[White "Lobanov, Sergei"]
[Black "Bortnyk, Olexandr"]
[Result "0-1"]
[WhiteElo "2502"]
[BlackElo "2608"]
[PlyCount "72"]
[EventDate "2024.02.13"]
[EventType "swiss (blitz)"]
[EventRounds "11"]
[EventCountry "USA"]
[SourceTitle "CB08_2024"]
[SourceDate "2024.02.21"]
[SourceVersion "1"]
[SourceVersionDate "2024.02.21"]
[SourceQuality "1"]

1. d4 Nf6 2. c4 b6 3. Nc3 Bb7 4. Qc2 g6 5. e4 d6 6. Nf3 Bg7 7. Be2 0-0 8. 0-0 c5 9. d5 Na6 10. Bf4 Nc7 11. Rad1 Nd7 12. Qd2 Re8 13. Qe3 e5 14. dxe6 Nxe6 15. Bxd6 Nd4 16. Nxd4 cxd4 17. Rxd4 Bxd4 18. Qxd4 Nc5 19. f3 Ne6 20. Qd2 Qf6 21. Rd1 Rad8 22. Qe3 Bc6 23. Rd2 Ng7 24. Bg3 Nf5 25. Qf4 g5 26. Qxf5 Qxf5 27. Rxd8 Qc5+ 28. Bf2 Qe5 29. Rd1 h5 30. Bg3 Qc5+ 31. Bf2 Qb4 32. Bd4 Qxb2 33. Nd5 Qxe2 34. Nf6+ Kf8 35. Nh7+ Ke7 36. Bf6+ Ke6 0-1

[Event "Titled Tuesday intern op 13th Feb Late"]
[Site "Chess.com INT"]
[Date "2024.02.13"]
[Round "3"]
[White "Lobanov, Sergei"]
[Black "Sargsyan, Anna M"]
[Result "1-0"]
[WhiteElo "2502"]
[BlackElo "2377"]
[PlyCount "61"]
[EventDate "2024.02.13"]
[EventType "swiss (blitz)"]
[EventRounds "11"]
[EventCountry "USA"]
[SourceTitle "CB08_2024"]
[SourceDate "2024.02.21"]
[SourceVersion "1"]
[SourceVersionDate "2024.02.21"]
[SourceQuality "1"]

1. d4 d5 2. c4 c6 3. Nf3 Nf6 4. e3 Bg4 5. h3 Bxf3 6. Qxf3 e6 7. Nc3 Nbd7 8. Bd3 Bb4 9. 0-0 0-0 10. a3 Ba5 11. Rd1 Re8 12. b4 Bc7 13. Bb2 Nf8 14. e4 dxe4 15. Nxe4 Nxe4 16. Bxe4 Qg5 17. g3 Rad8 18. Re1 f5 19. Bc2 f4 20. g4 h5 21. Rad1 b5 22. c5 Ng6 23. Kf1 Nh4 24. Qxc6 hxg4 25. hxg4 Qxg4 26. Qxc7 Qg2+ 27. Ke2 f3+ 28. Kd2 Qxf2+ 29. Kc1 Ng2 30. d5 e5 31. Rxe5 1-0

[Event "Titled Tuesday intern op 23rd Jan Late"]
[Site "Chess.com INT"]
[Date "2024.01.23"]
[Round "8"]
[White "Lobanov, Sergei"]
[Black "Nakamura, Hikaru"]
[Result "0-1"]
[WhiteElo "2502"]
[BlackElo "2788"]
[PlyCount "86"]
[EventDate "2024.01.23"]
[EventType "swiss (blitz)"]
[EventRounds "11"]
[EventCountry "USA"]
[SourceTitle "CB05_2024"]
[SourceDate "2024.01.31"]
[SourceVersion "1"]
[SourceVersionDate "2024.01.31"]
[SourceQuality "1"]

1. d4 g6 2. e4 Bg7 3. Nc3 c6 4. Nf3 d5 5. h3 dxe4 6. Nxe4 Nf6 7. Nxf6+ exf6 8. Bc4 0-0 9. 0-0 b5 10. Bb3 Nd7 11. a4 Nb6 12. axb5 cxb5 13. c3 Bb7 14. Bf4 Qd7 15. Re1 a5 16. Nd2 a4 17. Ba2 f5 18. Be5 Bh6 19. Nf1 Bd5 20. Ne3 Bxa2 21. Rxa2 Bxe3 22. fxe3 f6 23. Bf4 Rfe8 24. b3 Nd5 25. bxa4 bxa4 26. Qa1 Qc6 27. Rc1 Qc4 28. Ra3 g5 29. Bh2 Nxe3 30. Qa2 f4 31. Kh1 Qxa2 32. Rxa2 Nc4 33. Bg1 Reb8 34. d5 a3 35. Bc5 Rb2 36. Rca1 Rxa2 37. Rxa2 Ra5 38. Bd4 Kf7 39. Kg1 Rxd5 40. Kf2 Rb5 41. Kf3 Rb2 42. Ra1 Nd2+ 43. Kg4 Kg6 0-1

[Event "Titled Tuesday intern op 16th Jan Early"]
[Site "Chess.com INT"]
[Date "2024.01.16"]
[Round "1"]
[White "Valle Luis, Leo"]
[Black "Lobanov, Sergei"]
[Result "1/2-1/2"]
[WhiteElo "2257"]
[BlackElo "2502"]
[PlyCount "84"]
[EventDate "2024.01.16"]
[EventType "swiss (blitz)"]
[EventRounds "11"]
[EventCountry "USA"]
[SourceTitle "CB04_2024"]
[SourceDate "2023.10.16"]
[SourceVersion "1"]
[SourceVersionDate "2023.10.16"]
[SourceQuality "1"]

1. e4 e5 2. Nf3 Nc6 3. Bb5 a6 4. Ba4 Nf6 5. 0-0 b5 6. Bb3 Bc5 7. a4 Rb8 8. c3 d6 9. Re1 0-0 10. h3 h6 11. d4 Bb6 12. Be3 Re8 13. Nbd2 Bb7 14. axb5 axb5 15. Bc2 exd4 16. Nxd4 Nxd4 17. Bxd4 Bxd4 18. cxd4 c5 19. dxc5 dxc5 20. e5 Nd5 21. Nb3 c4 22. Nc5 Bc6 23. Qg4 Qg5 24. Qe4 g6 25. h4 Qe7 26. Qd4 Rbd8 27. Ne4 Nb4 28. Qc3 Nxc2 29. Nf6+ Kg7 30. Nxe8+ Rxe8 31. Qxc2 Qxh4 32. Qe2 Qg5 33. f3 h5 34. Qe3 Qg3 35. Qf2 Qf4 36. Qe3 Qg3 37. Qf2 Qf4 38. Ra7 Bd5 39. Qe3 Qg3 40. Qf2 Qf4 41. Qe3 Qg3 42. Qf2 Qf4 1/2-1/2

[Event "Khanty-Mansiysk TOP 28 Blitz GP"]
[Site "Khanty-Mansiysk"]
[Date "2023.12.04"]
[Round "4"]
[White "Lobanov, Sergei"]
[Black "Iljiushenok, Ilia"]
[Result "0-1"]
[WhiteElo "2502"]
[BlackElo "2547"]
[PlyCount "69"]
[EventDate "2023.12.04"]
[EventType "tourn (blitz)"]
[EventRounds "13"]
[EventCountry "RUS"]
[EventCategory "10"]
[SourceTitle "CB49_2023"]
[SourceDate "2023.12.06"]
[SourceVersion "1"]
[SourceVersionDate "2023.12.06"]
[SourceQuality "1"]

1. d4 d5 2. c4 c6 3. Nf3 Nf6 4. e3 Bf5 5. Nc3 e6 6. Nh4 Be4 7. f3 Bg6 8. Bd2 Be7 9. Nxg6 hxg6 10. Qc2 Nbd7 11. 0-0-0 a6 12. Kb1 b5 13. c5 e5 14. Bd3 Qc7 15. h4 Nf8 16. dxe5 N6d7 17. e4 d4 18. Ne2 Qxe5 19. f4 Qxc5 20. Qb3 Qb6 21. e5 c5 22. Be4 c4 23. Qf3 0-0-0 24. Bc1 d3 25. Nc3 Nc5 26. Nd5 Rxd5 27. Bxd5 Nfe6 28. g4 Nd4 29. Qg2 Na4 30. Be3 Bc5 31. Bxf7 Rd8 32. Bxg6 Ne2 33. Bxc5 Qxc5 34. Bxd3 cxd3 35. Rxd3 0-1

[Event "Khanty-Mansiysk TOP 28 Blitz GP"]
[Site "Khanty-Mansiysk"]
[Date "2023.12.04"]
[Round "2"]
[White "Lobanov, Sergei"]
[Black "Kryakvin, Dmitry"]
[Result "1-0"]
[WhiteElo "2502"]
[BlackElo "2471"]
[PlyCount "99"]
[EventDate "2023.12.04"]
[EventType "tourn (blitz)"]
[EventRounds "13"]
[EventCountry "RUS"]
[EventCategory "10"]
[SourceTitle "CB49_2023"]
[SourceDate "2023.12.06"]
[SourceVersion "1"]
[SourceVersionDate "2023.12.06"]
[SourceQuality "1"]

1. d4 d5 2. c4 c6 3. Nf3 Nf6 4. e3 g6 5. Nc3 Bg7 6. Be2 0-0 7. 0-0 Be6 8. b3 Ne4 9. Nxe4 dxe4 10. Nd2 c5 11. Nxe4 cxd4 12. exd4 Nc6 13. Nc5 Nxd4 14. Nxe6 Nxe6 15. Rb1 Nd4 16. Be3 e5 17. Bf3 Nxf3+ 18. Qxf3 Qe7 19. Rfd1 e4 20. Qe2 Rfd8 21. Rxd8+ Qxd8 22. Rd1 Qa5 23. g4 a6 24. Rd7 Qc3 25. Qd1 Bf6 26. Qd5 Rf8 27. Bc5 Qc1+ 28. Kg2 Qf4 29. Bxf8 Qxg4+ 30. Kf1 Qh3+ 31. Ke1 Bc3+ 32. Kd1 Qf3+ 33. Kc2 Kxf8 34. Rxb7 Ba1 35. Qd2 Kg7 36. Rd7 Qf5 37. Kd1 Be5 38. Rd5 Qg4+ 39. Qe2 Qg1+ 40. Kc2 Qa1 41. Qxe4 Qxa2+ 42. Kd1 Qxb3+ 43. Ke2 Bf6 44. Qd3 Qa2+ 45. Kf3 Qa1 46. Rd7 Qh1+ 47. Ke2 Qc6 48. Qd5 Qxd5 49. Rxd5 Kf8 50. c5 1-0

[Event "Khanty-Mansiysk TOP 28 Blitz GP"]
[Site "Khanty-Mansiysk"]
[Date "2023.12.04"]
[Round "7"]
[White "Tsydypov, Zhamsaran"]
[Black "Lobanov, Sergei"]
[Result "1-0"]
[WhiteElo "2530"]
[BlackElo "2502"]
[PlyCount "97"]
[EventDate "2023.12.04"]
[EventType "tourn (blitz)"]
[EventRounds "13"]
[EventCountry "RUS"]
[EventCategory "10"]
[SourceTitle "CB49_2023"]
[SourceDate "2023.12.06"]
[SourceVersion "1"]
[SourceVersionDate "2023.12.06"]
[SourceQuality "1"]

1. Nf3 d5 2. g3 Nf6 3. Bg2 e6 4. 0-0 Be7 5. b3 0-0 6. Bb2 b6 7. c4 Bb7 8. d4 Nbd7 9. Nbd2 c5 10. cxd5 Bxd5 11. Re1 cxd4 12. Nxd4 Bxg2 13. Kxg2 Rc8 14. N2f3 Bb4 15. Rf1 Qe7 16. Rc1 Bc5 17. e3 Nd5 18. Nf5 exf5 19. Qxd5 Qe6 20. Qb7 Nf6 21. Rfd1 h6 22. Bxf6 Qxf6 23. Rc4 a5 24. Rd5 Rcd8 25. Re5 g6 26. h4 Rfe8 27. Rxe8+ Rxe8 28. Rc2 Rd8 29. Qa6 Qc6 30. Qe2 Qe4 31. Rc4 Qb1 32. e4 fxe4 33. Rxe4 Kg7 34. Rf4 Qd1 35. Qb2+ Kg8 36. h5 g5 37. Rf5 Qd6 38. Rf6 Qd5 39. Rxh6 Bd4 40. Qxd4 Qxd4 41. Nxd4 Rxd4 42. Rxb6 a4 43. Kf3 Rd3+ 44. Ke2 Rd4 45. Ke3 Rg4 46. b4 Rc4 47. Kd3 Rc1 48. Ra6 Rf1 49. Ke3 1-0

[Event "Khanty-Mansiysk Governor Cup Rapid"]
[Site "Khanty-Mansiysk"]
[Date "2023.11.28"]
[Round "9"]
[White "Lobanov, Sergei"]
[Black "Kabanov, Nikolai"]
[Result "1-0"]
[WhiteElo "2516"]
[BlackElo "2434"]
[PlyCount "91"]
[EventDate "2023.11.26"]
[EventType "swiss (rapid)"]
[EventRounds "11"]
[EventCountry "RUS"]
[SourceTitle "CB49_2023"]
[SourceDate "2023.12.06"]
[SourceVersion "1"]
[SourceVersionDate "2023.12.06"]
[SourceQuality "1"]

1. d4 Nf6 2. c4 g6 3. Nc3 Bg7 4. e4 d6 5. h3 e5 6. Nf3 0-0 7. d5 a5 8. Be3 Na6 9. Nd2 c6 10. Be2 Nd7 11. g4 Ndc5 12. h4 Bd7 13. g5 a4 14. h5 a3 15. b3 Nb4 16. Nf3 Bg4 17. Nh2 Nbd3+ 18. Kf1 Bh3+ 19. Kg1 Nf4 20. Nf3 Bg4 21. b4 Bxf3 22. Bxf3 Ncd3 23. Rb1 Nb2 24. Qb3 Qxg5+ 25. Kf1 Qf6 26. h6 Bh8 27. Bb6 Nfd3 28. Rh3 c5 29. bxc5 Nxc5 30. Bxc5 dxc5 31. Nd1 Nxd1 32. Rxd1 Ra6 33. Qxb7 Qd6 34. Rb1 Rfa8 35. Bg4 Bf6 36. Rf3 R6a7 37. Qc6 Ra6 38. Qxd6 Rxd6 39. Be6 fxe6 40. Rxf6 Rf8 41. Rxf8+ Kxf8 42. Rb7 exd5 43. exd5 Kg8 44. Rg7+ Kh8 45. Rc7 Kg8 46. Rxc5 1-0

[Event "Khanty-Mansiysk Governor Cup Rapid"]
[Site "Khanty-Mansiysk"]
[Date "2023.11.26"]
[Round "4"]
[White "Lobanov, Sergei"]
[Black "Nesterov, Arseniy"]
[Result "0-1"]
[WhiteElo "2516"]
[BlackElo "2597"]
[PlyCount "124"]
[EventDate "2023.11.26"]
[EventType "swiss (rapid)"]
[EventRounds "11"]
[EventCountry "RUS"]
[SourceTitle "CB49_2023"]
[SourceDate "2023.12.06"]
[SourceVersion "1"]
[SourceVersionDate "2023.12.06"]
[SourceQuality "1"]

1. d4 d5 2. c4 e6 3. Nc3 Nf6 4. cxd5 exd5 5. Bg5 c6 6. e3 Be7 7. Bd3 0-0 8. Nf3 Re8 9. Qc2 h6 10. Bf4 Bg4 11. Ne5 Be6 12. h3 Nbd7 13. 0-0 Nxe5 14. Bxe5 Nd7 15. Bh2 Rc8 16. Rfd1 c5 17. dxc5 Nxc5 18. Bh7+ Kh8 19. Bf5 Rc6 20. Bxe6 fxe6 21. Qg6 Rf8 22. Rac1 Qb6 23. Be5 Bf6 24. Bxf6 Rxf6 25. Qe8+ Kh7 26. b3 a6 27. Ne2 Ne4 28. Nd4 Nxf2 29. Rxc6 bxc6 30. Rf1 Qb4 31. Qxc6 e5 32. Qc2+ Ne4 33. Rxf6 gxf6 34. Qc7+ Kg6 35. Nf3 Qc3 36. Qa7 Qc5 37. Qxa6 Qxe3+ 38. Kh2 Qf4+ 39. Kg1 Ng3 40. Qe6 Qc1+ 41. Kh2 Nf1+ 42. Kg1 Nd2+ 43. Kf2 Ne4+ 44. Ke2 Qc2+ 45. Ke1 Qf2+ 46. Kd1 Nc3+ 47. Kc1 Nxa2+ 48. Kb1 Nc3+ 49. Kc1 Ne2+ 50. Kd1 Nc3+ 51. Kc1 Na2+ 52. Kd1 Qf1+ 53. Ne1 Nc3+ 54. Kc2 Qe2+ 55. Kxc3 Qxe1+ 56. Kb2 Qe2+ 57. Ka3 d4 58. Qg8+ Kf5 59. Qh7+ Kf4 60. Qxh6+ Kg3 61. Qg6+ Kh2 62. h4 d3 0-1

[Event "Cheliabinsk Shusharin Memorial Rapid"]
[Site "Cheliabinsk"]
[Date "2023.11.16"]
[Round "9"]
[White "Ponkratov, Pavel"]
[Black "Lobanov, Sergei"]
[Result "1/2-1/2"]
[WhiteElo "2608"]
[BlackElo "2516"]
[PlyCount "97"]
[EventDate "2023.11.15"]
[EventType "swiss (rapid)"]
[EventRounds "11"]
[EventCountry "RUS"]
[SourceTitle "CB47_2023"]
[SourceDate "2023.11.22"]
[SourceVersion "1"]
[SourceVersionDate "2023.11.22"]
[SourceQuality "1"]

1. e4 e5 2. Nf3 Nc6 3. Bb5 a6 4. Ba4 Nf6 5. 0-0 b5 6. Bb3 Bc5 7. d3 d6 8. a4 Rb8 9. c3 h6 10. Bc2 b4 11. d4 Ba7 12. a5 0-0 13. h3 bxc3 14. bxc3 Re8 15. d5 Ne7 16. Be3 Bxe3 17. fxe3 c6 18. c4 Qc7 19. Qd2 cxd5 20. cxd5 Bd7 21. Rc1 Rec8 22. Na3 Rb2 23. Qe1 Qa7 24. Nd2 Rb4 25. Bd3 Rcb8 26. Kh2 Nc8 27. Ndc4 Rb3 28. Bc2 R3b7 29. Qd2 Be8 30. Rab1 Rxb1 31. Rxb1 Rxb1 32. Bxb1 Qc5 33. Bd3 Na7 34. Qb2 Nb5 35. Qb3 Nxa3 36. Qxa3 Bb5 37. Qxc5 dxc5 38. Nxe5 Bxd3 39. Nxd3 Nxe4 40. Ne5 Kf8 41. Nc6 c4 42. Kg1 c3 43. Nb4 Ke7 44. Kf1 Kd6 45. Ke2 Nc5 46. Kd1 Nb7 47. Kc2 Nxa5 48. Kxc3 Ke5 49. Nxa6 1/2-1/2

[Event "Titled Tuesday intern op 14th Nov Early"]
[Site "Chess.com INT"]
[Date "2023.11.14"]
[Round "3"]
[White "Novik, Maxim"]
[Black "Lobanov, Sergei"]
[Result "0-1"]
[WhiteElo "2375"]
[BlackElo "2516"]
[PlyCount "88"]
[EventDate "2023.11.14"]
[EventType "swiss (blitz)"]
[EventRounds "11"]
[EventCountry "USA"]
[SourceTitle "CB47_2023"]
[SourceDate "2023.11.22"]
[SourceVersion "1"]
[SourceVersionDate "2023.11.22"]
[SourceQuality "1"]

1. e4 e5 2. Nf3 Nc6 3. Bc4 Nf6 4. d3 Bc5 5. 0-0 d6 6. Nc3 a6 7. a4 h6 8. Be3 0-0 9. Bxc5 dxc5 10. a5 Bg4 11. h3 Bh5 12. Ne2 Bxf3 13. gxf3 Nh5 14. Qd2 Nd4 15. Nxd4 cxd4 16. Kh2 Kh8 17. Rg1 f5 18. Rg6 Nf4 19. Rg3 fxe4 20. fxe4 Qh4 21. Rf1 Rf6 22. Qd1 h5 23. Rfg1 Raf8 24. Qf1 g6 25. f3 Kh7 26. c3 Rd6 27. Rg5 dxc3 28. bxc3 Rfd8 29. Rxe5 Nxd3 30. Rd5 Nf4 31. Rxd6 Rxd6 32. Bd5 c6 33. c4 cxd5 34. cxd5 Rd7 35. Rg3 Rc7 36. Qd1 Rc3 37. d6 Rd3 38. Qc1 Qf6 39. Qc7+ Kh6 40. e5 Qxe5 41. Qc1 Qe2+ 42. Kh1 Rd1+ 43. Qxd1 Qxd1+ 44. Kh2 Qxd6 0-1